Statistics for Teams in Greek Super League

Click here to take the quiz!

General Stats

  • This quiz has been taken 72 times
  • The average score is 12 of 14

Answer Stats

HintAnswer% Correct
AthensAek
100%
AthensOlympiakos
97%
ThessalonikiPaok
95%
AthensPanathinaikos
93%
ThessalonikiAris
92%
LarissaLarissa
90%
LamiaLamia
87%
VolosVolos
84%
TripoliAsteras Tripolis
82%
Giannena/IoanninaPas Giannena
79%
CreteOfi
77%
AthensAtromitos
72%
AgrinioPanaitolikos
70%
AthensApollon Smyrnis
48%

Score Distribution

Percentile by Number Answered

Percent of People with Each Score

Your Score History

You have not taken this quiz